| 000 | 00665nam a22002415a 4500 | ||
|---|---|---|---|
| 001 | 002795 | ||
| 003 | armpunfd | ||
| 005 | 20150624200617.0 | ||
| 008 | 140627s1941####ag############000#0#und#d | ||
| 080 | _a347.9 AL 68 | ||
| 100 | 1 | _aAlsina Hugo. | |
| 245 | 1 | 0 |
_aTratado Teorico Practico de Derecho Procesal Civil y Comercial / _c. |
| 260 |
_aBuenos Aires : _bCompañía Argentina de Editores, _c1941. |
||
| 300 | _a779 P. | ||
| 650 | 7 |
_aDerecho Civil _2LEMB |
|
| 650 | 7 |
_aDerecho Comercial _2LEMB |
|
| 650 | 7 |
_aDerecho Procesal Civil _2LEMB |
|
| 651 | _2LEMB | ||
| 945 | _d2014-06-27 | ||
| 945 | _d2014-06-27 | ||
| 945 |
_acd _d2014-06-27 |
||
| 999 |
_c3149 _d233653 |
||